Southville International School and Colleges
Your cart is empty.
  • Cart
  • Lists
    Public lists Eva Luna New books Lux_list list_1
    Your lists Log in to create your own lists
  • Log in to your account
  • Your cookies
  • Search history
Southville International School and Colleges
  • Advanced search
  • Recent comments
  • Most popular
  • Libraries

Log in to your account

Log in with GOOGLE


If you do not have an external account, but do have a local account, you can still log in:

  1. Home
  2. MARC view: Pacific rims :
Normal view MARC view ISBD view

Pacific rims : (Record no. 305491)

[ view plain ]
MARC details
000 -LEADER
fixed length control field 00823nam a2200265Ia 4500
008 - FIXED-LENGTH DATA ELEMENTS--GENERAL INFORMATION
fixed length control field 170203s9999 xx 000 0 und d
020 ## - INTERNATIONAL STANDARD BOOK NUMBER
International Standard Book Number 9780451229991
050 ## - LIBRARY OF CONGRESS CALL NUMBER
Classification number 796.32309559
050 ## - LIBRARY OF CONGRESS CALL NUMBER
Item number .B287p 2010
100 ## - MAIN ENTRY--PERSONAL NAME
Personal name Bartholomew, Rafe.
245 ## - TITLE STATEMENT
Title Pacific rims :
245 ## - TITLE STATEMENT
Remainder of title beermen ballin' in flip-flops and the Philippines' unlikely love affair with basketball /
245 ## - TITLE STATEMENT
Statement of responsibility, etc Rafe Bartholomew.
260 ## - PUBLICATION, DISTRIBUTION, ETC. (IMPRINT)
Place of publication, distribution, etc New York :
260 ## - PUBLICATION, DISTRIBUTION, ETC. (IMPRINT)
Name of publisher, distributor, etc New American Library,
260 ## - PUBLICATION, DISTRIBUTION, ETC. (IMPRINT)
Date of publication, distribution, etc 2010
300 ## - PHYSICAL DESCRIPTION
Extent viii, 384 pages :
300 ## - PHYSICAL DESCRIPTION
Other physical details illustration ;
300 ## - PHYSICAL DESCRIPTION
Dimensions 22 cm.
500 ## - GENERAL NOTE
General note Includes bibliographical references.
650 ## - SUBJECT ADDED ENTRY--TOPICAL TERM
Topical term or geographic name as entry element Filipinos -- Social life and customs.
650 ## - SUBJECT ADDED ENTRY--TOPICAL TERM
Topical term or geographic name as entry element Basketball -- Philippines --
650 ## - SUBJECT ADDED ENTRY--TOPICAL TERM
Topical term or geographic name as entry element Basketball -- Social aspects -- Philippines.
650 ## - SUBJECT ADDED ENTRY--TOPICAL TERM
General subdivision History.
Holdings
Withdrawn status Lost status Damaged status Home library Current library Shelving location Date acquired Total Checkouts Full call number Barcode Date last seen Price effective from Koha item type
      Stonyhurst Southville International School (Batangas) Stonyhurst Southville International School (Batangas)   02/03/2017   796.32309559 .B287p 2010 US-1789 02/03/2017 02/03/2017 Books

Pacific rims :

APA

Bartholomew R., .Pacific rims. New York: .

Chicago

Bartholomew Rafe, .Pacific rims. New York: .

Harvard

Bartholomew R., .Pacific rims. New York: .

MLA

Bartholomew Rafe, .New York: . .

  • Place hold
  • Print
  • Cite
  • Add to your cart (remove)
  • Save record
    BIBTEX Dublin Core MARCXML MARC (non-Unicode/MARC-8) MARC (Unicode/UTF-8) MARC (Unicode/UTF-8, Standard) MODS (XML) RIS
  • More searches
    Search for this title in:
    Other Libraries (WorldCat) Other Databases (Google Scholar) Online Stores (Bookfinder.com) Open Library (openlibrary.org)

Exporting to Dublin Core...

SOUTHVILLE LIBRARY

Southville International School and Colleges Library

1281 Tropical Ave. Cor. Luxembourg St., BF Homes International, Las Pinas City

Tel. No. 8256374 / 252358 Loc. 117/146

Powered by Koha